• 首页
  • 本馆介绍
  • 公告通知
  • 最新文献
  • 馆藏检索
  • 电子资源
  • 读者导购
  • 参考咨询
  • 我的图书馆
  • 登录
  • 详细信息显示
  • 放入我的书架
  • 预约/预借图书
  • 作者相关作品
  • 分类相关作品
  • 丛书相关作品
  • 出版社相关作品

书目信息

  • 表格格式
  • 工作单格式
  • 卡片格式
题名:
海战领域科技发展报告
    
 
作者: 万克 , 李仲铀 , 柳正华 主编 ;军事科学院 编
分册:  
出版信息: 北京   国防工业出版社  2019.04
页数: 14,188页
开本: 24cm
丛书名:
单 册:
中图分类: E153
科图分类:
主题词: 海战--科技发展--研究报告--世界--2018
电子资源:
ISBN: 978-7-118-11899-5
000 01008nam0 2200277 450
001 2158084518
005 20211117160814.70
010    @a978-7-118-11899-5@dCNY76.00
100    @a20191016d2019 em y0chiy50 ea
101 0  @achi
102    @aCN@b110000
105    @aa z 000yy
200 1  @a海战领域科技发展报告@f军事科学院军事科学信息研究中心[编]
210    @a北京@c国防工业出版社@d2019.04
215    @a14,188页@c图@d24cm
300    @a世界国防科技年度发展报告(2018)
330    @a本书主要研究主要国家海军科技发展战略规划,军用舰船总体技术、推进技术、舰载武器技术、防护技术、舰船综合电子技术、水下信息技术、两栖作战和海上特种作战技术等的发展态势和重大技术动向。研究未来战争设计对国防科技的需求等。
333    @a海战科技发展研究人员
606 0  @a海战@x科技发展@x研究报告@y世界@z2018
690    @aE153@v5
701  0 @a万克@4主编
701  0 @a李仲铀@4主编
701  0 @a柳正华@4主编
712 02 @a军事科学院@b军事科学信息研究中心@4编
801  0 @aCN@b山东中教@c20211112
905    @aZUCC@dE153@e2
    
    海战领域科技发展报告/军事科学院军事科学信息研究中心[编].-北京:国防工业出版社,2019.04
    14,188页:图;24cm
    世界国防科技年度发展报告(2018).-使用对象:海战科技发展研究人员
    
    ISBN 978-7-118-11899-5:CNY76.00
    本书主要研究主要国家海军科技发展战略规划,军用舰船总体技术、推进技术、舰载武器技术、防护技术、舰船综合电子技术、水下信息技术、两栖作战和海上特种作战技术等的发展态势和重大技术动向。研究未来战争设计对国防科技的需求等。
●
相关链接 在五车中查询图书 在当当中查询图书 在豆瓣中查询图书


正题名:海战领域科技发展报告     索取号:E153/2         预约/预借

序号 登录号 条形码 馆藏地/架位号 状态 备注
1 2000890416   2000890416   兵学书屋/兵圣1架A面3层4列/ [索取号:E153/2] 在馆    
2 2000890417   2000890417   兵学书屋/兵圣1架A面3层4列/ [索取号:E153/2] 在馆    
3 2000890418   2000890418   兵学书屋/兵圣1架A面3层4列/ [索取号:E153/2] 在馆    
山东省滨州职业学院图书馆 欢迎您!
大连网信软件有限公司© 版权所有